| 000 | 00676nam a22002417a 4500 | ||
|---|---|---|---|
| 003 | dpl | ||
| 005 | 20180730160147.0 | ||
| 008 | 180730b xxu||||| |||| 00| 0 eng d | ||
| 010 | _aA-754343 | ||
| 020 | _c00.00 | ||
| 035 | _aA-754343, A-754355 | ||
| 037 | _bCen Lib/Ret | ||
| 040 |
_aDPL _bEN _c0 |
||
| 082 |
_aS _bARA |
||
| 100 |
_aArasanyagam, Jean _927319 |
||
| 245 |
_aAll is burning / _cby Jean Arasanayagam |
||
| 260 |
_bPenguin Books _c1995 _aNew Delhi |
||
| 270 |
_a210 Chiranjiv Tower, 43 Nehru Place _bNew Delhi _e110019 |
||
| 300 |
_a417p. _c20cm(Hb) |
||
| 650 |
_aIndia -- Fiction _927320 |
||
| 650 |
_aEnglish fiction _927321 |
||
| 942 |
_2ddc _cEN _hS _mARA |
||
| 999 |
_c129759 _d129759 |
||